| 000 | 00423nam a22001577a 4500 | ||
|---|---|---|---|
| 003 | OSt | ||
| 008 | 260625b |||||||| |||| 00| 0 eng d | ||
| 020 | _a9789391734671 | ||
| 082 |
_a294.5343 _bB32T |
||
| 100 | _aBast, Felix | ||
| 245 | _aTrees of Ramayana/by Felix Bast | ||
| 260 |
_aDelhi : _bToday & Tomorrow Printers and Publishers, _c2022 |
||
| 300 | _a222 p. | ||
| 650 | _aReligion | Hinduism I | ||
| 942 |
_2ddc _cBK |
||
| 999 |
_c52330 _d52330 |
||